Statistics for On This Day (January 10th) Multiple Choice

Click here to take the quiz!

General Stats

  • This quiz has been taken 12 times
    (4 since last reset)
  • The average score is 7 of 16

Answer Stats

QuestionAnswer% Correct
49 BC – Julius Caesar crosses which river, signalling the start of civil war.Rubicon
100%
1971 - Irish Republican Army (IRA) carry out a 'punishment attack', tarring and feathering 4 men accused of criminal activities in which Northern Irish city ?Belfast
75%
2015 - 72 people are killed & 169 hospitalized after a mass poisoning of beer with crocodile bile at a funeral in which African country ?Mozambique
75%
1946 – The United States Army Signal Corps successfully conducts Project Diana, bouncing radio waves off what ?The Moon
75%
1645 – Archbishop William Laud is beheaded for treason in which famous former prison ?Tower of London
75%
Where is the 10th of January known as "Margaret Thatcher Day" ?Falkland Islands
50%
2015 – A traffic accident between an oil tanker truck and a passenger coach near which Asian city kills at least 62 people ?Karachi
50%
1870 Deputy sheriff Wyatt Earp weds Urilla Sutherland in which small Texas town ?Lamar
50%
2023 - Legendary Rock guitarist Jeff Beck dies on this day. Apart from his own Jeff Beck Group, with which band is he most associated ?The Yardbirds
50%
1949 - RCA introduces what speed of record ?45 RPM
25%
2016 – David Bowie, English singer-songwriter, producer, and actor, dies on this day in New York City. On which island were his ashes scattered ?Bali
25%
1943 - The 1st US President to visit a foreign country in wartime - Franklin D Roosevelt leaves for which city ?Casablanca, Morocco
25%
1945 – Rod Stewart, English singer-songwriter, is born in which British city ?London
25%
1812 – The first steamboat on the Ohio River or the Mississippi River arrives in New Orleans, 82 days after departing from which city ?Pittsburgh
25%
1954 – BOAC Flight 781, a de Havilland DH.106 Comet 1, explodes and falls into which sea, killing 35 people ?Tyrrhenian Sea
0%
1810 – William Haines, English-Australian politician is born on this day in London, he would eventually become the 1st Premier of which Australian state ?Victoria
0%

Score Distribution

Percentile by Number Answered

Percent of People with Each Score

Your Score History

You have not taken this quiz since the last reset